| 000 | 00460nam a22001697a 4500 | ||
|---|---|---|---|
| 003 | OSt | ||
| 005 | 20211225173453.0 | ||
| 008 | 211225b |||||||| |||| 00| 0 eng d | ||
| 020 | _a9780495385004 | ||
| 040 | _cHU | ||
| 082 | _a371.227 SWE 2009 | ||
| 100 |
_a Sweitzer, H. Frederick _925115 |
||
| 245 | _aThe successful internship : personal, professional, and civic development | ||
| 260 | _c2009 | ||
| 300 |
_aXXiii341P _bPC _c24cm |
||
| 942 |
_2ddc _cBOOKS _n0 |
||
| 999 |
_c24125 _d24125 |
||